<?xml version="1.0" encoding="UTF-8"?>
<record
    xmlns:xsi="http://www.w3.org/2001/XMLSchema-instance"
    xsi:schemaLocation="http://www.loc.gov/MARC21/slim http://www.loc.gov/standards/marcxml/schema/MARC21slim.xsd"
    xmlns="http://www.loc.gov/MARC21/slim">

  <leader>02527cam a22003258i 4500</leader>
  <controlfield tag="001">22073474</controlfield>
  <controlfield tag="005">20260112160230.0</controlfield>
  <controlfield tag="008">210609s2022    nju      b    001 0 eng  </controlfield>
  <datafield tag="010" ind1=" " ind2=" ">
    <subfield code="a">  2021027514</subfield>
  </datafield>
  <datafield tag="020" ind1=" " ind2=" ">
    <subfield code="a">9781292334691</subfield>
  </datafield>
  <datafield tag="020" ind1=" " ind2=" ">
    <subfield code="a">9781292334738</subfield>
  </datafield>
  <datafield tag="020" ind1=" " ind2=" ">
    <subfield code="a">9781292334721</subfield>
  </datafield>
  <datafield tag="020" ind1=" " ind2=" ">
    <subfield code="z">9781292334721</subfield>
    <subfield code="q">(epub)</subfield>
  </datafield>
  <datafield tag="040" ind1=" " ind2=" ">
    <subfield code="a">DLC</subfield>
    <subfield code="b">eng</subfield>
    <subfield code="e">rda</subfield>
    <subfield code="c">DLC</subfield>
  </datafield>
  <datafield tag="042" ind1=" " ind2=" ">
    <subfield code="a">pcc</subfield>
  </datafield>
  <datafield tag="050" ind1="0" ind2="0">
    <subfield code="a">HF5636</subfield>
    <subfield code="b">.A87 2022</subfield>
  </datafield>
  <datafield tag="100" ind1=" " ind2=" ">
    <subfield code="a">Atrill, Peter</subfield>
    <subfield code="e">author.</subfield>
    <subfield code="9">22667</subfield>
  </datafield>
  <datafield tag="245" ind1="1" ind2="0">
    <subfield code="a">Accounting and finance for non-specialists </subfield>
    <subfield code="c">/ Peter Atrill, Edward McLaney.</subfield>
  </datafield>
  <datafield tag="250" ind1=" " ind2=" ">
    <subfield code="a">Twelfth edition.</subfield>
  </datafield>
  <datafield tag="264" ind1=" " ind2="1">
    <subfield code="a">Hoboken, NJ :</subfield>
    <subfield code="b">Pearson,</subfield>
    <subfield code="c">2022.</subfield>
  </datafield>
  <datafield tag="500" ind1=" " ind2=" ">
    <subfield code="a">Revised edition of the authors' Accounting and finance for non-specialists, [2019]</subfield>
  </datafield>
  <datafield tag="504" ind1=" " ind2=" ">
    <subfield code="a">Includes bibliographical references and index.</subfield>
  </datafield>
  <datafield tag="505" ind1=" " ind2=" ">
    <subfield code="a">Introduction to Accounting and Finance &#x2014;

Part One: Financial Accounting &#x2014;
Measuring and Reporting Financial Position &#x2014;
Measuring and Reporting Financial Performance &#x2014;
Accounting for Limited Companies &#x2014;
Measuring and Reporting Cash Flows &#x2014;
Analysing and Interpreting Financial Statements &#x2014;

Part Two: Management Accounting &#x2014;
The Relevance and Behaviour of Costs &#x2014;
Full Costing &#x2014;
Budgeting &#x2014;

Part Three: Finance &#x2014;
Making Capital Investment Decisions &#x2014;
Financing a Business &#x2014;
Managing Working Capital &#x2014;

Appendix A: Glossary of Key Terms &#x2014;
Appendix B: Solutions to Self-Assessment Questions &#x2014;
Appendix C: Solutions to Critical Review Questions &#x2014;
Appendix D: Solutions to Selected Exercises &#x2014;
Appendix E: Present Value Table &#x2014;
Index.</subfield>
  </datafield>
  <datafield tag="520" ind1=" " ind2=" ">
    <subfield code="a">"This book provides an introduction to accounting and finance. It is aimed at Students who are not majoring in accounting or finance but who are, nevertheless, studying introductory level accounting and finance as part of their course. The course may be in business, economics, hospitality management, tourism, engineering or some other area. For these students, the book provides an overview of the role and usefulness of accounting and finance within a business or some other organisation. Students, who are majoring in either accounting or finance. These students should find the book a helpful introduction to the main principles, which can serve as a foundation for further study"--</subfield>
    <subfield code="c">Provided by publisher.</subfield>
  </datafield>
  <datafield tag="650" ind1=" " ind2="0">
    <subfield code="a">Accounting</subfield>
    <subfield code="9">103</subfield>
  </datafield>
  <datafield tag="650" ind1=" " ind2="0">
    <subfield code="a">Financial statements</subfield>
    <subfield code="9">2479</subfield>
  </datafield>
  <datafield tag="700" ind1=" " ind2=" ">
    <subfield code="a">McLaney, E. J.</subfield>
    <subfield code="e">author.</subfield>
    <subfield code="9">24384</subfield>
  </datafield>
  <datafield tag="856" ind1=" " ind2=" ">
    <subfield code="u">https://bookshelf.vitalsource.com/reader/books/9781292334721/</subfield>
    <subfield code="y">e-book</subfield>
  </datafield>
  <datafield tag="942" ind1=" " ind2=" ">
    <subfield code="2">lcc</subfield>
  </datafield>
  <datafield tag="952" ind1=" " ind2=" ">
    <subfield code="0">0</subfield>
    <subfield code="1">0</subfield>
    <subfield code="2">lcc</subfield>
    <subfield code="4">0</subfield>
    <subfield code="7">0</subfield>
    <subfield code="a">TBS</subfield>
    <subfield code="b">TBS</subfield>
    <subfield code="d">2024-11-26</subfield>
    <subfield code="l">0</subfield>
    <subfield code="o">HF5635 ACC</subfield>
    <subfield code="r">2024-11-26</subfield>
    <subfield code="t">1</subfield>
    <subfield code="u">https://bookshelf.vitalsource.com/reader/books/9781292334721/</subfield>
    <subfield code="w">2024-11-26</subfield>
    <subfield code="y">EBOOK</subfield>
  </datafield>
  <datafield tag="999" ind1=" " ind2=" ">
    <subfield code="c">4430</subfield>
    <subfield code="d">4430</subfield>
  </datafield>
</record>
